La gran represión : (Record no. 183581)

MARC details
000 -LEADER
campo de control de longitud fija 01440nam a2200361 i 4500
001 - NÚMERO DE CONTROL
campo de control 183581
003 - IDENTIFICADOR DE NÚMERO DE CONTROL
campo de control ES-MaACL
005 - FECHA Y HORA DE LA ÚLTIMA TRANSACCIÓN
campo de control 20240201133422.0
008 - DATOS DE LONGITUD FIJA--INFORMACIÓN GENERAL
campo de control de longitud fija 140723s2009 sp a | |||||||| | spa d
020 ## - NÚMERO INTERNACIONAL ESTÁNDAR DEL LIBRO
Número Internacional Estándar del Libro 978-84-96495-37-1
080 ## - NÚMERO DE LA CLASIFICACIÓN DECIMAL UNIVERSAL
Número de la Clasificación Decimal Universal 323.281(460)"1939/75"
080 ## - NÚMERO DE LA CLASIFICACIÓN DECIMAL UNIVERSAL
Número de la Clasificación Decimal Universal 323.281(460.354)"1939/75"
080 ## - NÚMERO DE LA CLASIFICACIÓN DECIMAL UNIVERSAL
Número de la Clasificación Decimal Universal 344.32(460.354)"1939/75"
245 03 - MENCIÓN DEL TÍTULO
Título La gran represión :
Resto del título los años de plomo de la posguerra (1939-1948) /
Mención de responsabilidad, etc. Mirta Núñez Díaz-Balart (coordinadora) ; Manuel Álvaro Dueñas ... [et al.].
250 ## - MENCION DE EDICION
Mención de edición 1ª ed.
260 ## - PUBLICACIÓN, DISTRIBUCIÓN, ETC.
Lugar de publicación, distribución, etc. Barcelona :
Nombre del editor, distribuidor, etc. Flor del Viento,
Fecha de publicación, distribución, etc. 2009.
300 ## - DESCRIPCIÓN FÍSICA
Extensión 504 p. :
Otras características físicas il ;
Dimensiones 21 cm.
490 1# - MENCIÓN DE SERIE
Mención de serie Con Franco vivíamos peor ;
Designación de volumen o secuencia 8
500 ## - NOTA GENERAL
Nota general Anexo documental.
500 ## - NOTA GENERAL
Nota general Índices.
504 ## - NOTA DE BIBLIOGRAFÍA, ETC.
Nota de bibliografía, etc. Bibliografía: p. 459-469, p. 471-488.
650 #4 - PUNTO DE ACCESO ADICIONAL DE MATERIA--TÉRMINO DE MATERIA
Término de materia o nombre geográfico como elemento de entrada Represión política-
Subdivisión geográfica España-
Subdivisión cronológica 1939-1975.
9 (RLIN) 145752
650 #4 - PUNTO DE ACCESO ADICIONAL DE MATERIA--TÉRMINO DE MATERIA
Término de materia o nombre geográfico como elemento de entrada Represión política-
Subdivisión geográfica Huelva (Provincia)-
Subdivisión cronológica 1939-1975.
9 (RLIN) 155065
650 ## - PUNTO DE ACCESO ADICIONAL DE MATERIA--TÉRMINO DE MATERIA
Término de materia o nombre geográfico como elemento de entrada Consejos de guerra-
Subdivisión geográfica España-
Subdivisión cronológica 1939-1975.
9 (RLIN) 155066
700 0# - ENTRADA AGREGADA--NOMBRE PERSONAL
Nombre de persona Núñez Díaz-Balart, Mirta
9 (RLIN) 234073
700 1# - ENTRADA AGREGADA--NOMBRE PERSONAL
Nombre de persona Álvaro Dueñas, Manuel.
9 (RLIN) 152685
740 42 - ENTRADA AGREGADA--TÍTULO RELACIONADO/ANALÍTICO NO CONTROLADO
Título relacionado o analítico no controlado Los años de plomo del franquismo.
830 1# - PUNTO DE ACCESO ADICIONAL DE SERIE-TÍTULO UNIFORME
Título uniforme Con Franco vivíamos peor ;
Designación de volumen o secuencia 8
9 (RLIN) 193564
852 4# - LOCALIZACIÓN
Ubicación ES-MaACL
Número de control de estantería A-13188
itemnumber 190523
Sublocalización o colección R.150071
Ubicación en estantería Depósito 1
Signatura antigua Olim: N-6188
Donativo/Legado Donación: Carlos París
903 ## - NOMBRE PERSONAL DE DONANTE
a París, Carlos,
d 1925-2014
e Donante
q 1
9 89133
942 ## - ELEMENTOS DE ENTRADA SECUNDARIOS (KOHA)
Fuente del sistema de clasificación o colocación Clasificación decimal universal
Tipo de ítem Koha Libro impreso
Holdings
Estatus retirado Estado de pérdida Fuente del sistema de clasificación o colocación Estado de daño No para préstamo Biblioteca de origen Biblioteca actual Ubicación en estantería Fecha de adquisición Fuente de adquisición Total de préstamos Signatura topográfica completa Código de barras Visto por última vez Precio de reemplazo Tipo de ítem Koha
    Clasificación decimal universal     Biblioteca del Ateneo de Madrid Biblioteca del Ateneo de Madrid Depósito 1 23/07/2014 Donación   A-13188 1192962 23/02/2023 23/02/2023 Libro impreso